000 00386nam a2200157Ia 4500
008 230917s9999||||xx |||||||||||||| ||und||
040 _e79030
_aMAIN
041 _aEnglish
082 _a346.043 M442L
100 _aMaudsley, R H
245 0 _aLand law: cases and materials
250 _a4th ed.
260 _aLondon
_bButterworths
_c1980
300 _alxxviii, 881 p.
942 _cBK
999 _c214828
_d214828